The beginners english grammar / (Record no. 146982)

MARC details
000 -LEADER
fixed length control field 00526nam a22001817a 4500
005 - DATE AND TIME OF LATEST TRANSACTION
control field 20171030112642.0
010 ## - LCCN (DPL NO)
LC control number ENG-120939
020 ## - INTERNATIONAL STANDARD BOOK NUMBER
Terms of availability 250.00
International Standard Book Number 9788190708982
035 ## - SYSTEM CONTROL NUMBER
System control number EN-104471
037 ## - SOURCE OF ACQUISITION
Source of stock number/acquisition DBAD/PUB
082 ## - DEWEY DECIMAL CLASSIFICATION NUMBER
Classification number 425
100 ## - MAIN ENTRY--PERSONAL NAME
Personal name Maitrey, Abhinav
245 ## - TITLE STATEMENT
Title The beginners english grammar /
Statement of responsibility, etc by Abhinav Maitrey
260 ## - PUBLICATION, DISTRIBUTION, ETC. (IMPRINT)
Place of publication, distribution, etc Delhi
Name of publisher, distributor, etc Deepanshu Books
Date of publication, distribution, etc 2012
270 ## - ADDRESS
Address A-5, Street No. 5C, West Karawal Nagar
City Delhi
Postal code 110094
300 ## - PHYSICAL DESCRIPTION
Extent 112p.
Dimensions 23cm(Hb)
942 ## - ADDED ENTRY ELEMENTS (KOHA)
Source of classification or shelving scheme Dewey Decimal Classification
Item type English Books
Call number suffix MAI
Classification part 425
Holdings
Withdrawn status Lost status Not for loan Collection code Home library Current library Date acquired Source of acquisition Cost, normal purchase price Full call number Barcode Copy number Cost, replacement price Koha item type
    Not For Loan Non-fiction D.B.Act.Division D.B.Act.Division 30/10/2017 DBAD/PUB 250.00 425 MAI EN-104471 1 250.00 English Books

© Delhi Public Library
Hit Counter
free hit counter